Sporcleville Quiz Stats

Quiz Updated Jan 22, 2016

Also try: 'I Am' Sporcle
Challenge
Share
Tweet
Embed
Score 0/20 Timer 05:00
0 Plays Today
Hint Answer % Correct
Brother of Wilbur WrightOrville
93.7%
TV series that follows Clark Kent in his hometownSmallville
89.7%
Town that the Grinch hatesWhoville
75.7%
Home of the Grand Ole OpryNashville
75.7%
Home to the NFL's JaguarsJacksonville
75.4%
Creator of the relentless Captain AhabHerman Melville
75.3%
City in Kentucky that shares its name with a baseball bat brandLouisville
74.2%
The _____ Horror (film franchise)Amityville
73.4%
Jimmy Buffett hit song and restaurant chainMargaritaville
70.1%
UK Prime Minister ChamberlainNeville
68.7%
Hint Answer % Correct
Informal term for divorceSplitsville
67.5%
Stage entertainment popular before the advent of talkiesVaudeville
67%
One of many shanty towns 'affectionately' named for the 31st US PresidentHooverville
65.6%
Co-creator and star of JackassJohnny Knoxville
59.2%
Cadillac series since 1949Coupe de Ville
58.3%
Tobey Maguire and Reese Witherspoon star in this film that combines color with black and whitePleasantville
54.7%
Opera masterpiece with Figaro as the title characterThe Barber of Seville
48.9%
There was no joy in this fictional town when the Mighty Casey struck outMudville
39.5%
French site of the 1992 Winter OlympicsAlbertville
31.1%
Either African capital city ending in -villeBrazzaville or Libreville
30.6%

You're not logged in!

Compare scores with friends on all Sporcle quizzes.
Join for Free
OR
Log In

You Might Also Like...

Show Comments

Extras

Top Quizzes Today


Score Distribution

Your Account Isn't Verified!

In order to create a playlist on Sporcle, you need to verify the email address you used during registration. Go to your Sporcle Settings to finish the process.

Report this User

Report this user for behavior that violates our Community Guidelines.

Details: